Fe cristiana y filosofía griega
Kaydedildi:
| Asıl Yazarlar: | , |
|---|---|
| Materyal Türü: | Kitap |
| Dil: | İspanyolca |
| Baskı/Yayın Bilgisi: |
Barcelona
Herder
1964
|
| Seri Bilgileri: | Pequeña Biblioteca Herder, 49
|
| Konular: | |
| Etiketler: |
Etiketle
Etiket eklenmemiş, İlk siz ekleyin!
|
MARC
| LEADER | 00000cam a2200000 a 4500 | ||
|---|---|---|---|
| 001 | UCH2703 | ||
| 003 | CL-VaPUC | ||
| 008 | 090624e19640000SP |||||||||||||||||spa|d | ||
| 082 | 0 | 4 | |a 230.042 |b ARM |2 21 |
| 100 | 0 | |a Armstrong, A. H |e author |9 537702 | |
| 700 | 0 | |a Markus, R. A |e author |9 537703 | |
| 245 | 1 | 0 | |a Fe cristiana y filosofía griega |
| 300 | |a 170 p | ||
| 942 | |c BK | ||
| 945 | |d 20090624 00:00:00 |a rbrito | ||
| 260 | |a Barcelona |b Herder |c 1964 | ||
| 650 | 0 | |a Cristianismo |9 257361 | |
| 650 | 0 | |a Filosofía griega |9 265579 | |
| 583 | |a last modification |c 20140929 11:17:15 |k Rodrigo Vera | ||
| 490 | 0 | |a Pequeña Biblioteca Herder, 49 | |
| 999 | |c 334418 |d 334416 | ||
| 952 | |0 0 |1 0 |4 0 |6 230_042000000000000_ARM_1964 |7 0 |8 X |9 423411 |a FDOBUD |b FDOBUD |d 2019-11-22 |i 4558367 |o 230.042 ARM 1964 |p 4558367 |r 2019-11-22 |w 2019-11-22 |y BK_X |k BUD | ||
| 952 | |0 0 |1 0 |3 erb |4 0 |6 230_042000000000000_ARM_1964 |7 0 |8 A |9 423412 |a BIBTEO |b BIBTEO |i 4999878 |o 230.042 ARM 1964 |p 4999878 |r 2025-01-17 |w 2019-11-22 |y BK |z Catalogado en:20141009 |k ICR | ||